Catálogo
 En Linea

Ávila romántica : (Registro nro. 41842)

Detalles MARC
000 -CABECERA
campo de control de longitud fija 00695nam a2200181 a 4500
001 - NÚMERO DE CONTROL
campo de control 000042353
005 - FECHA Y HORA DE LA ÚLTIMA TRANSACCIÓN
campo de control 20201002040111.0
008 - DATOS DE LONGITUD FIJA--INFORMACIÓN GENERAL
campo de control de longitud fija 131127s2010 sp acf 000 0 spa d
020 ## - NÚMERO INTERNACIONAL ESTÁNDAR DEL LIBRO
Número Internacional Estándar del Libro 9788461358595
040 ## - FUENTE DE LA CATALOGACIÓN
Centro catalogador/agencia de origen DO-SdBNP
Lengua de catalogación spa
Centro/agencia transcriptor BNPHU
082 ## - NÚMERO DE LA CLASIFICACIÓN DECIMAL DEWEY
Número de clasificación xxx
Número de documento/Ítem xxxx
100 1# - ENTRADA PRINCIPAL--NOMBRE DE PERSONA
Nombre de persona Sanchidrián Gallego, Jesús Ma. J.
9 (RLIN) 69422
245 10 - MENCIÓN DE TÍTULO
Título Ávila romántica :
Resto del título Ávila monumental artística y pintoresca en la fotografía de J. Laurent (1864-1886) /
Mención de responsabilidad, etc. Jesús Ma. J. Sanchidrián Gallego.
260 ## - PUBLICACIÓN, DISTRIBUCIÓN, ETC.
Lugar de publicación, distribución, etc. Ávila, España :
Nombre del editor, distribuidor, etc. Piedra Caballera,
Fecha de publicación, distribución, etc. 2010.
300 ## - DESCRIPCIÓN FÍSICA
Extensión 285 p. :
Otras características físicas il., retr., lam. ;
Dimensiones 17 cm.
490 1# - MENCIÓN DE SERIE
Mención de serie Estampas de la tierra de Ávila
Designación de volumen o secuencia 7
830 #0 - PUNTO DE ACCESO ADICIONAL DE SERIE-TÍTULO UNIFORME
Título uniforme Estampas de la tierra de Ávila
Designación de volumen o secuencia 7
9 (RLIN) 69423
Existencias
Estado de retiro Estado de pérdida Restricciones de uso No para préstamo Código de colección Localización permanente Ubicación/localización actual Ubicación en estantería Fecha de adquisición Número de inventario Total de préstamos Signatura topográfica completa Código de barras Fecha visto por última vez Precio válido a partir de Tipo de ítem Koha
      Excluido de préstamo Monografías: Libros y Folletos General General En catalogación 27.11.2013 LF1   xxx xxxx 42353-10 25.06.2020 25.06.2020 No se presta

Con tecnología Koha